000 01024nac a22003017a 4500
001 BR7904532
003 BR-BrBNA
005 20240105114454.0
008 230509b bl.|||m| |||| 00| 0 por d
040 _aBR-BrBNA
_bpor
_cBiblioteca Nacional de Agricultura
072 _aF00; H20
090 _a1410 BR7904532
100 1 _aSouza Filho, J.E.
110 1 _aEmpresa Brasileira de Assistencia Tecnica e Extensao Rural, Brasilia, DF
_93797
245 1 _aCultura do feijao, Bahia. Manual tecnico [Pratica cultural; Doenca de planta; Phaseolus vulgaris; Brasil]
260 3 _aBrasilia, DF (Brasil):
_c1979.
300 _a56 p.
490 _aSerie Manuais - Empresa Brasileira de Assistencia Tecnica e Extensao Rural (Brazil)
_vno. 13
_x
500 _a18 tables; 10 ref.
650 _aProducao vegetal
650 _aDoenca de planta
650 _aFeijao
650 _aPratica cultural
650 _aDefesa vegetal
650 _aBahia
909 _a202312
_bLúcia Elande
_c55
_dLúcia Elande
942 _2AGRIS
_n0
_cMS
999 _c269550
_d269550